| 000 | 01941nam a2200493Ii 4500 | ||
|---|---|---|---|
| 001 | DIGRBN0308 | ||
| 003 | NyNyDIG | ||
| 007 | cr ||||||||||| | ||
| 008 | 180713s2013 sp o 000 0 spa d | ||
| 006 | m o d | ||
| 035 | _a(OCoLC)994835947 | ||
| 040 |
_aDGITA _beng _erda _epn _cDGITA |
||
| 020 |
_a9788499406077 _q(eBook) |
||
| 020 |
_a8499406076 _q(eBook) |
||
| 020 | _z9788499406398 | ||
| 020 | _z8499406394 | ||
| 041 | 1 |
_aspa _heng |
|
| 050 | 1 | 4 | _aDS481.G3 ebook |
| 082 | 0 | 4 | _a954.03/5092 |
| 100 | 1 |
_aFinkelstein, Norman G., _eauthor. |
|
| 240 | 1 | 0 |
_aWhat Gandhi says. _lSpanish _s(Veuthey) |
| 245 | 1 | 0 |
_aLo que dice Gandhi sobre la no violencia, la resistencia y el valor / _cNorman G. Finkelstein ; traducción de Maysi Veuthey. |
| 246 | 3 | _aLo que dice Gandhi | |
| 264 | 1 |
_aMadrid : _bBiblioteca Nueva, _c[2013] |
|
| 300 | _a1 online resource. | ||
| 336 |
_atext _btxt _2rdacontent |
||
| 337 |
_acomputer _bc _2rdamedia |
||
| 338 |
_aonline resource _bcr _2rdacarrier |
||
| 490 | 1 | _aNuestro tiempo | |
| 588 | 0 | _aOnline resource; title from PDF title page (Digitalia, viewed July 25, 2018) | |
| 600 | 1 | 0 |
_aGandhi, _cMahatma, _d1869-1948 _xPhilosophy. |
| 600 | 1 | 0 |
_aGandhi, _cMahatma, _d1869-1948 _xPolitical and social views. |
| 600 | 1 | 0 |
_aGandhi, _cMahatma, _d1869-1948 _xInfluence. |
| 650 | 0 | _aNonviolence. | |
| 650 | 0 | _aSocial justice. | |
| 655 | 0 | _aElectronic books. | |
| 791 | 2 |
_aDigitalia (Firm), _edistributor. |
|
| 793 | 0 |
_gDigitalia eBook Collection: _aBiblioteca Nueva |
|
| 776 | 0 | 8 |
_iPrint version: _aFinkelstein, Norman G. _sWhat Gandhi says. Spanish (Veuthey). _tLo que dice Gandhi sobre la no violencia, la resistencia y el valor. _dMadrid : Biblioteca Nueva, 2013 _z9788499406398 _w(OCoLC)870125944 |
| 830 | 0 | _aNuestro tiempo (Biblioteca Nueva (Firm)) | |
| 856 | 4 | 0 |
_3Digitalia Hispánica _uhttps://www.digitaliapublishing.com/a/45933/ |
| 910 | _aPremium Collection: 2018 | ||
| 942 | _cRAA | ||
| 999 |
_c249272 _d249272 |
||